Normal view
MARC view
- Lucio Gómez-Maqueo, María Emilia
Entry Nombre Personal
001 - NUMERO DE CONTROL
- campo de control: 39211
003 - IDENTIFICADOR DE NUMERO DE CONTROL
- campo de control: UPN
005 - FECHA Y HORA DE LA ÜLTIMA TRANSACCIÓN
- campo de control: 20210219194543.0
008 - DATOS DE LONGITUD FIJA
- campo de control de longitud fija: nabaccnnaabn|||||||||| b |nc|||||d
035 ## - NUMERO DE CONTROL
- Número de control: UPN11000011318
040 ## - FUENTE DE CATALOGACIÓN
- Lenguaje de catalogación: SPA
- Agencia de transcripción: UPN
100 1# - ENCABEZAMIENTO - NOMBRE PERSONAL
- Nombre personal: Lucio Gómez-Maqueo, María Emilia
400 1# - VEÁSE - NOMBRE DE PERSONA
- Personal name: Gómez-Maqueo, Emilia Lucio
400 1# - VEÁSE - NOMBRE DE PERSONA
- Personal name: Gómez-Maqueo, María Emilia
400 1# - VEÁSE - NOMBRE DE PERSONA
- Personal name: Gómez-Maqueo, Emilia
670 ## - FUENTE EN LA QUE SE LOCALIZARON DATOS
- Cita de la fuente: LC
680 ## - NOTA PUBLICA DE ACCESO PÚBLICO
- Frase explicativa de la referencia: Psicóloga y psicoterapeuta mexicana
902 ## - CATALOGADOR
- Catalogador: CAA/111016
